| 000 | 00370nam a2200133Ia 4500 | ||
|---|---|---|---|
| 001 | 963 | ||
| 008 | 241024s9999 xx 000 0 und d | ||
| 082 | _aRD/370.97293/ID19e/1 | ||
| 100 | _aIDEICE | ||
| 245 | 0 | _aEstudio de Línea Base de la Evaluación e investigación de la Calidad Educativa | |
| 260 |
_bIDEICE _c2010 |
||
| 901 | _a13/12/2010 3:05:37 p.m. | ||
| 999 |
_c9150 _d9150 |
||